भारत में विज्ञान और भारतीय वैज्ञानिक / (Record no. 117694)
[ view plain ]
| 000 -LEADER | |
|---|---|
| fixed length control field | 01404nam a22002657a 4500 |
| 005 - DATE AND TIME OF LATEST TRANSACTION | |
| control field | 20170124103059.0 |
| 010 ## - LIBRARY OF CONGRESS CONTROL NUMBER | |
| LC control number | B-241152 |
| 020 ## - INTERNATIONAL STANDARD BOOK NUMBER | |
| Terms of availability | 250.00 |
| International Standard Book Number | 8188457043 |
| 035 ## - SYSTEM CONTROL NUMBER | |
| System control number | B-241152 |
| 037 ## - SOURCE OF ACQUISITION | |
| Source of stock number/acquisition | Cen Lib/Ret |
| 040 ## - CATALOGING SOURCE | |
| Original cataloging agency | DPL |
| Language of cataloging | HN |
| 082 ## - DEWEY DECIMAL CLASSIFICATION NUMBER | |
| Classification number | 500 |
| Item number | लक्ष्मण |
| 100 ## - MAIN ENTRY--PERSONAL NAME | |
| Personal name | लक्ष्मण प्रसाद |
| 9 (RLIN) | 76345 |
| 245 ## - TITLE STATEMENT | |
| Title | भारत में विज्ञान और भारतीय वैज्ञानिक / |
| Statement of responsibility, etc | लक्ष्मण प्रसाद [और] विनोद कुमार मिश्र |
| 246 ## - VARYING FORM OF TITLE | |
| Title proper/short title | Bharat mein vgyan aur bhartiya vaigyanik / |
| Remainder of title | by Lakshman Prasad [aur] Vinod Kumar Mishra |
| 260 ## - PUBLICATION, DISTRIBUTION, ETC. (IMPRINT) | |
| Place of publication, distribution, etc | नयी दिल्ली |
| Name of publisher, distributor, etc | कल्याणी शिक्षा परिषद् |
| Date of publication, distribution, etc | 2007 |
| 270 ## - ADDRESS | |
| Address | 3320-21, जाटवाडा, दरियागंज |
| City | नयी दिल्ली |
| Postal code | 110002 |
| 300 ## - PHYSICAL DESCRIPTION | |
| Extent | 240पृ. |
| Dimensions | 21सेमी (सजिल्द) |
| 650 ## - SUBJECT ADDED ENTRY--TOPICAL TERM | |
| Topical term or geographic name as entry element | अविष्कारों का इतिहास--विकास और उत्थान |
| 9 (RLIN) | 76346 |
| 650 ## - SUBJECT ADDED ENTRY--TOPICAL TERM | |
| Topical term or geographic name as entry element | भारतीय वैज्ञानिक |
| 9 (RLIN) | 76347 |
| 650 ## - SUBJECT ADDED ENTRY--TOPICAL TERM | |
| Topical term or geographic name as entry element | History of inventions--Development and regeneration |
| 9 (RLIN) | 76348 |
| 650 ## - SUBJECT ADDED ENTRY--TOPICAL TERM | |
| Topical term or geographic name as entry element | Indian scientists |
| 9 (RLIN) | 76349 |
| 700 ## - ADDED ENTRY--PERSONAL NAME | |
| Personal name | मिश्र, विनोद कुमार |
| 9 (RLIN) | 76350 |
| 942 ## - ADDED ENTRY ELEMENTS (KOHA) | |
| Source of classification or shelving scheme | Dewey Decimal Classification |
| Koha item type | Hindi Books |
| Classification part | 500 |
| Call number suffix | लक्ष्मण |
| Withdrawn status | Lost status | Damaged status | Not for loan | Home library | Current library | Date acquired | Source of acquisition | Cost, normal purchase price | Total Checkouts | Full call number | Barcode | Date last seen | Date checked out | Copy number | Cost, replacement price | Price effective from | Koha item type |
|---|---|---|---|---|---|---|---|---|---|---|---|---|---|---|---|---|---|
| Central Library | Central Library | 08/09/2015 | Cen Lib/Ret | 250.00 | 1 | 500 लक्ष्मण | B-241152 | 29/08/2019 | 30/07/2019 | 1 | 250.00 | 08/09/2015 | Hindi Books |
